Globalization and sustainable good governance : (Record no. 52207)

MARC details
000 -LEADER
fixed length control field 01726nam a22003977a 4500
005 - DATE AND TIME OF LATEST TRANSACTION
control field 20110509111129.0
008 - FIXED-LENGTH DATA ELEMENTS--GENERAL INFORMATION
fixed length control field 110509t xxu||||| |||| 00| 0 eng d
010 ## - LCCN (DPL NO)
LC control number ENG-102399
020 ## - INTERNATIONAL STANDARD BOOK NUMBER
International Standard Book Number 9788178312101
Terms of availability 1700.00
035 ## - SYSTEM CONTROL NUMBER
System control number EN-85932
037 ## - SOURCE OF ACQUISITION
Source of stock number/acquisition DBAD/PUB
040 ## - CATALOGING SOURCE
Original cataloging agency dpl
Language of cataloging Eng
082 ## - DEWEY DECIMAL CLASSIFICATION NUMBER
Classification number 320.954
100 ## - MAIN ENTRY--PERSONAL NAME
9 (RLIN) 27787
245 ## - TITLE STATEMENT
Title Globalization and sustainable good governance :
Statement of responsibility, etc edited by Parmanand Singh [and] A. Francis Julian
Remainder of title challenges and opportunities /
260 ## - PUBLICATION, DISTRIBUTION, ETC. (IMPRINT)
Place of publication, distribution, etc New Delhi
Name of publisher, distributor, etc Published by Legal Education and Research Society, in association with Manak Publications
Date of publication, distribution, etc 2010
270 ## - ADDRESS
Address B-7, Saraswati Complex, Subhash Chowk, Laxmi Nagar
City New Delhi
Postal code 110092
Telephone number 22453894,22042529
Electronic mail address manak_publications@hotmail.com
300 ## - PHYSICAL DESCRIPTION
Extent xviii, 452 p. :
Dimensions 25cm (Hb)
Other physical details map
500 ## - GENERAL NOTE
General note Contributed articles; with partial reference to India
500 ## - GENERAL NOTE
General note Includes bibliographical references and index.
650 ## - SUBJECT ADDED ENTRY--TOPICAL TERM
9 (RLIN) 27775
Topical term or geographic name as entry element Globalization.
650 ## - SUBJECT ADDED ENTRY--TOPICAL TERM
9 (RLIN) 27814
Topical term or geographic name as entry element Globalization
Geographic subdivision India
650 ## - SUBJECT ADDED ENTRY--TOPICAL TERM
Topical term or geographic name as entry element Human rights.
9 (RLIN) 27857
650 ## - SUBJECT ADDED ENTRY--TOPICAL TERM
Topical term or geographic name as entry element Human rights.
Geographic subdivision India
9 (RLIN) 27858
650 ## - SUBJECT ADDED ENTRY--TOPICAL TERM
Topical term or geographic name as entry element Tranparency in government.
9 (RLIN) 27859
650 ## - SUBJECT ADDED ENTRY--TOPICAL TERM
Topical term or geographic name as entry element Tranparency in government.
Geographic subdivision India
9 (RLIN) 27860
650 ## - SUBJECT ADDED ENTRY--TOPICAL TERM
Topical term or geographic name as entry element Sustainable development.
9 (RLIN) 27861
650 ## - SUBJECT ADDED ENTRY--TOPICAL TERM
Topical term or geographic name as entry element Sustainable development.
Geographic subdivision India
9 (RLIN) 27862
651 ## - SUBJECT ADDED ENTRY--GEOGRAPHIC NAME
9 (RLIN) 27815
651 ## - SUBJECT ADDED ENTRY--GEOGRAPHIC NAME
9 (RLIN) 27846
700 ## - ADDED ENTRY--PERSONAL NAME
9 (RLIN) 27776
Personal name Parmanand Singh
700 ## - ADDED ENTRY--PERSONAL NAME
Personal name Julian, Francis A.
Dates associated with a name 1952-
9 (RLIN) 27863
710 ## - ADDED ENTRY--CORPORATE NAME
Corporate name or jurisdiction name as entry element Published by Legal Education and Research Society (New Delhi, India)
9 (RLIN) 27864
942 ## - ADDED ENTRY ELEMENTS (KOHA)
Source of classification or shelving scheme Dewey Decimal Classification
Item type English Books
Classification part 320.954
Call number suffix GLO
Holdings
Withdrawn status Lost status Source of classification or shelving scheme Damaged status Not for loan Collection code Home library Current library Date acquired Source of acquisition Cost, normal purchase price Total Checkouts Full call number Barcode Date last seen Copy number Cost, replacement price Koha item type
    Dewey Decimal Classification   Not For Loan Non-fiction D.B.Act.Division D.B.Act.Division 09/05/2011 DBAD / PUB 1700.00   320.954 GLO EN-85932 09/05/2011 1 1700.00 English Books

© Delhi Public Library
Hit Counter
free hit counter